[Event "IV Torneo Parthenope"]
[Site "Napoli ITA"]
[Date "2012.04.26"]
[Round "6"]
[White "Zinnai, Graziano Matteo"]
[Black "Taurisano, Vincenzo"]
[Result "1-0"]
[WhiteElo "1989"]
[BlackElo "1865"]
[PlyCount "120"]
[EventDate "2012.03.22"]

1. e4 d6 2. d4 Nf6 3. Bd3 g6 4. Nf3 Bg7 5. O-O Bg4 6. Nbd2 O-O 7. c3 c5 8. Re1
Nc6 9. h3 Bxf3 10. Nxf3 cxd4 11. cxd4 Rc8 12. Bd2 Qb6 13. Bc3 Nh5 14. d5 Bxc3
15. bxc3 Ne5 16. Nxe5 dxe5 17. Qd2 Qa5 18. Rac1 Rc7 19. Re3 Rfc8 20. Be2 Nf6
21. Qb2 a6 22. c4 Nd7 23. Bg4 Qc5 24. Bxd7 Rxd7 25. Qxe5 Rdc7 26. h4 b5 27. h5
Qd6 28. Qxd6 exd6 29. hxg6 fxg6 30. Rec3 Rxc4 31. Rxc4 bxc4 32. f4 Kf7 33. Kf2
Kf6 34. Ke3 g5 35. g3 gxf4+ 36. gxf4 c3 37. Kd3 h5 38. Kc2 Rc4 39. Re1 h4 40.
e5+ dxe5 41. fxe5+ Ke7 42. Rg1 Rc5 43. Rd1 h3 44. d6+ Kd8 45. e6 Re5 46. e7+
Kd7 47. Kxc3 h2 48. Kd4 Rh5 49. Re1 Rh8 50. Kc5 h1=Q 51. e8=Q+ Rxe8 52. Rxh1
Rc8+ 53. Kd5 Rc2 54. Rh7+ Kd8 55. a4 Rd2+ 56. Kc6 Rc2+ 57. Kb6 Rd2 58. Rh6 Kd7
59. Kxa6 Rxd6+ 60. Rxd6+ Kxd6 1-0

[Event "IV Torneo Parthenope"]
[Site "Napoli ITA"]
[Date "2012.05.10"]
[Round "7"]
[White "Auletta, Angelo"]
[Black "Vena, Alessio"]
[Result "1-0"]
[WhiteElo "2242"]
[BlackElo "1898"]
[PlyCount "99"]
[EventDate "2012.03.22"]

1. e4 d6 2. d4 Nf6 3. Nc3 e5 4. Nf3 Nbd7 5. Bc4 Be7 6. O-O O-O 7. Re1 c6 8. a4
b6 9. Ba2 a6 10. Qd3 Bb7 11. Bg5 Qc7 12. Rad1 Rfe8 13. Qc4 Rf8 14. dxe5 Nxe5
15. Nxe5 dxe5 16. Bxf6 Bxf6 17. Nd5 Qd8 18. Ne3 Qc7 19. Nd5 Qd8 20. Nxf6+ Qxf6
21. Re3 b5 22. Qc5 Rfd8 23. Red3 Rxd3 24. Rxd3 Rd8 25. Qxe5 Kh8 26. Qxf6 Rxd3
27. cxd3 gxf6 28. axb5 cxb5 29. b4 Kg7 30. f4 Kf8 31. Kf2 Ke7 32. Ke3 f5 33. g3
fxe4 34. dxe4 f6 35. Kd4 Kd6 36. e5+ Ke7 37. Kc5 fxe5 38. fxe5 Bc8 39. Kb6 Kd7
40. e6+ Kd6 41. Bb3 h6 42. Ba2 h5 43. Bb3 Ke7 44. Kc7 Bxe6 45. Bxe6 Kxe6 46.
Kb6 Kf5 47. h3 Ke4 48. g4 h4 49. Kxa6 Kf4 50. Kxb5 1-0

[Event "IV Torneo Parthenope"]
[Site "Napoli ITA"]
[Date "2012.05.10"]
[Round "7"]
[White "Borrelli, Salvatore"]
[Black "Ambrosio, Giuseppe"]
[Result "1/2-1/2"]
[WhiteElo "1960"]
[BlackElo "2079"]
[PlyCount "63"]
[EventDate "2012.03.22"]

1. d4 c5 2. e3 d5 3. Nf3 Nf6 4. Bd3 Nc6 5. O-O Bg4 6. c3 e6 7. Nbd2 Bd6 8. h3
Bh5 9. Qb3 Qc7 10. dxc5 Bxc5 11. c4 O-O 12. cxd5 exd5 13. a3 Rac8 14. Bf5 Rcd8
15. Qc2 Bb6 16. h4 d4 17. exd4 Nxd4 18. Nxd4 Rxd4 19. Qxc7 Bxc7 20. Nb3 Rd5 21.
Bc2 Be5 22. Re1 Rc8 23. Bf5 Rc4 24. Bg5 Bg6 25. Bxg6 hxg6 26. Be3 b6 27. a4 Rd3
28. Nc1 Rd7 29. a5 bxa5 30. Rxa5 Re4 31. Nb3 Rb7 32. Nd2 1/2-1/2

[Event "IV Torneo Parthenope"]
[Site "Napoli ITA"]
[Date "2012.05.10"]
[Round "7"]
[White "Buiano, Fabio"]
[Black "Cosenza, Gianni"]
[Result "0-1"]
[WhiteElo "2054"]
[BlackElo "1953"]
[PlyCount "69"]
[EventDate "2012.03.22"]

1. e4 e6 2. d4 d5 3. Nc3 Nf6 4. Bg5 Be7 5. e5 Nfd7 6. Bxe7 Qxe7 7. f4 c5 8. Nb5
Na6 9. Nd6+ Kf8 10. Nf3 g6 11. c3 Nc7 12. Bd3 Kg7 13. O-O a6 14. Qe2 Ne8 15.
Nxc8 Rxc8 16. c4 Nc7 17. Kh1 cxd4 18. Nxd4 Qc5 19. Nb3 Qe7 20. cxd5 Nxd5 21.
Rad1 Nc5 22. Nxc5 Rxc5 23. Qf3 Rhc8 24. Rfe1 Nb4 25. Bb1 Rd5 26. a3 Rxd1 27.
Rxd1 Nc6 28. h3 Qc5 29. Qe4 Ne7 30. Kh2 Nf5 31. Rd7 Qf2 32. Rd1 Ne3 33. Qxb7
Rc4 34. Bd3 Rd4 35. Be2 0-1

[Event "IV Torneo Parthenope"]
[Site "Napoli ITA"]
[Date "2012.05.10"]
[Round "7"]
[White "Condorelli, Pietro"]
[Black "Miccoli, Livio"]
[Result "1-0"]
[WhiteElo "1811"]
[BlackElo "1641"]
[PlyCount "47"]
[EventDate "2012.03.22"]

1. e4 e6 2. d4 d5 3. Nd2 Nf6 4. e5 Nfd7 5. Bd3 c5 6. c3 Nc6 7. Ne2 Be7 8. Nf3
O-O 9. O-O f6 10. Nf4 Nb6 11. exf6 Rxf6 12. Bxh7+ Kxh7 13. Ng5+ Kg8 14. Qh5 Rh6
15. Qf7+ Kh8 16. Ng6+ Rxg6 17. Qxg6 Bxg5 18. Bxg5 Qf8 19. Rad1 cxd4 20. cxd4
Nc4 21. Rd3 Bd7 22. Rh3+ Kg8 23. Qh7+ Kf7 24. Rf3+ 1-0

[Event "IV Torneo Parthenope"]
[Site "Napoli ITA"]
[Date "2012.05.10"]
[Round "7"]
[White "De Rosa, Francesco"]
[Black "Sparice, Lorenzo"]
[Result "1-0"]
[WhiteElo "1951"]
[BlackElo "1489"]
[PlyCount "63"]
[EventDate "2012.03.22"]

1. e4 Nf6 2. e5 Nd5 3. d4 d6 4. c4 Nb6 5. f4 d5 6. c5 Nc4 7. Bxc4 dxc4 8. d5
Bf5 9. Qa4+ c6 10. Nc3 Bd3 11. Nf3 Na6 12. dxc6 Nxc5 13. Qb5 b6 14. c7+ Qd7 15.
Nd4 Rc8 16. Qxd7+ Kxd7 17. a4 Rxc7 18. a5 Nb3 19. Nxb3 cxb3 20. axb6 axb6 21.
Nd5 Rb7 22. Be3 b5 23. Kf2 e6 24. Nb6+ Kc6 25. Nc8 Bc5 26. Ra6+ Kd5 27. Nd6 Rc7
28. Rd1 Bxd6 29. Rxd6+ Ke4 30. R1xd3 Ra8 31. g4 Ra2 32. R6d4# 1-0

[Event "IV Torneo Parthenope"]
[Site "Napoli ITA"]
[Date "2012.05.10"]
[Round "7"]
[White "Di Gennaro, Antonio"]
[Black "Oliveri, Aldo"]
[Result "0-1"]
[WhiteElo "1672"]
[BlackElo "1715"]
[PlyCount "30"]
[EventDate "2012.03.22"]

1. e4 e6 2. d4 d5 3. Nc3 Bb4 4. e5 c5 5. a3 Ba5 6. Bd2 a6 7. dxc5 Nc6 8. b4 Bc7
9. Qg4 Bxe5 10. f4 Bf6 11. Ra2 e5 12. Qe2 Be6 13. Ra1 exf4 14. Rb1 Nd4 15. Qd1
Bh4+ 0-1

[Event "IV Torneo Parthenope"]
[Site "Napoli ITA"]
[Date "2012.05.10"]
[Round "7"]
[White "Gallo, Thomas Renato"]
[Black "Seletsky, Grigory"]
[Result "0-1"]
[WhiteElo "1879"]
[BlackElo "2325"]
[PlyCount "52"]
[EventDate "2012.03.22"]

1. d4 c5 2. d5 f5 3. Nd2 Nf6 4. c4 g6 5. f3 e5 6. e4 d6 7. Ne2 Bh6 8. Qc2 fxe4
9. Nxe4 Nxe4 10. fxe4 Bxc1 11. Qxc1 Qh4+ 12. Ng3 Bg4 13. Qc2 O-O 14. Be2 Bxe2
15. Qxe2 Qg5 16. Rf1 Nd7 17. Rf2 Rxf2 18. Kxf2 Rf8+ 19. Kg1 Rf4 20. Rb1 h5 21.
b4 cxb4 22. Rxb4 Nc5 23. Rb1 h4 24. Nf1 Rxe4 25. Qc2 Qg4 26. Rc1 Re2 0-1

[Event "IV Torneo Parthenope"]
[Site "Napoli ITA"]
[Date "2012.05.10"]
[Round "7"]
[White "Grasso, Nino"]
[Black "Supino, Domenico"]
[Result "1/2-1/2"]
[WhiteElo "2010"]
[BlackElo "2085"]
[PlyCount "93"]
[EventDate "2012.03.22"]

1. e4 c5 2. d4 cxd4 3. c3 d3 4. Bxd3 Nc6 5. Nf3 g6 6. c4 Bg7 7. Nc3 Nf6 8. O-O
O-O 9. Re1 d6 10. h3 Nd7 11. Be3 b6 12. Qd2 Nde5 13. Nxe5 Nxe5 14. Be2 Ba6 15.
b3 Re8 16. Rad1 Bb7 17. Bd4 f6 18. Nd5 e6 19. Nc3 Qe7 20. f4 Nf7 21. Bf3 Rad8
22. Bf2 e5 23. g3 Bh6 24. Be3 Kh8 25. Kh2 f5 26. Qg2 Qf6 27. Rf1 exf4 28. Bd4
fxg3+ 29. Qxg3 Ne5 30. exf5 Bxf3 31. Bxe5 dxe5 32. Qxf3 Rxd1 33. Rxd1 gxf5 34.
Nd5 Qf7 35. Rf1 e4 36. Qc3+ Bg7 37. Qe3 Be5+ 38. Kh1 Rg8 39. Qxe4 fxe4 40. Rxf7
Rg3 41. Re7 Rxh3+ 42. Kg2 Rh5 43. Rxa7 Bd4 44. Kf1 Rh1+ 45. Ke2 Rh2+ 46. Ke1 e3
47. Re7 1/2-1/2

[Event "IV Torneo Parthenope"]
[Site "Napoli ITA"]
[Date "2012.05.10"]
[Round "7"]
[White "Schiappoli, Dario"]
[Black "Caiazzo, Diego"]
[Result "1-0"]
[WhiteElo "1953"]
[BlackElo "1871"]
[PlyCount "111"]
[EventDate "2012.03.22"]

1. e4 e6 2. d4 d5 3. Be3 dxe4 4. Nd2 Nf6 5. f3 Nd5 6. Qe2 Nxe3 7. Qxe3 exf3 8.
Ngxf3 Nd7 9. O-O-O Be7 10. Ne4 Nf6 11. Nxf6+ gxf6 12. Bc4 Bd7 13. Rhe1 c6 14.
Qh6 Bf8 15. Qh5 Qc7 16. Bxe6 Qf4+ 17. Kb1 O-O-O 18. Qxf7 Bh6 19. Bxd7+ Rxd7 20.
Qe6 Kc7 21. Re4 Qd6 22. Qh3 Bg5 23. Re6 Qf4 24. Nxg5 fxg5 25. Qe3 Qxe3 26. Rxe3
Rhd8 27. c3 Rd5 28. Rde1 R8d7 29. Re5 Rxe5 30. Rxe5 Rg7 31. Kc2 Kd6 32. Kd3 h6
33. g3 Rf7 34. Ke3 Rf1 35. Kd2 Rb1 36. Kc2 Rh1 37. Re2 Rf1 38. Kd3 Rf3+ 39. Ke4
g4 40. c4 Rf1 41. c5+ Kd7 42. Kd3 Rd1+ 43. Kc3 Rc1+ 44. Kd2 Rf1 45. b4 a6 46.
Kd3 Rd1+ 47. Rd2 Re1 48. Kc3 Rc1+ 49. Kb3 Rb1+ 50. Ka3 Rf1 51. d5 Rf3+ 52. Ka4
b5+ 53. Ka5 Ra3+ 54. Kb6 cxd5 55. Rxd5+ Ke7 56. Rd2 1-0

[Event "IV Torneo Parthenope"]
[Site "Napoli ITA"]
[Date "2012.05.10"]
[Round "7"]
[White "Sgammato, Francesco"]
[Black "Vannini, Aldo"]
[Result "0-1"]
[WhiteElo "1722"]
[BlackElo "1798"]
[PlyCount "67"]
[EventDate "2012.03.22"]

1. c4 e6 2. Nc3 d5 3. d4 a6 4. cxd5 exd5 5. Nf3 c6 6. e3 Nf6 7. Be2 Bd6 8. O-O
O-O 9. Bd2 Nbd7 10. Rb1 Ne4 11. Qc2 Ndf6 12. h3 Re8 13. a3 h6 14. b4 Bf5 15.
Bd3 Bc7 16. Na4 Nxd2 17. Nxd2 Bxd3 18. Qxd3 Qd6 19. Nf3 Ne4 20. Nc5 Rab8 21.
Nb3 Qf6 22. Nc5 Re7 23. Qc2 g5 24. Ne5 Bxe5 25. dxe5 Qxe5 26. Nd3 Qf5 27. Nc5
Qf6 28. Rbc1 Kg7 29. f3 Nd6 30. Kh1 Nc4 31. Qd3 Rxe3 32. Qc2 Re7 33. Qd3 Rbe8
34. Qd1 0-1

[Event "IV Torneo Parthenope"]
[Site "Napoli ITA"]
[Date "2012.05.10"]
[Round "7"]
[White "Taurisano, Vincenzo"]
[Black "Esposito, Rosario"]
[Result "1-0"]
[WhiteElo "1865"]
[BlackElo "1854"]
[PlyCount "87"]
[EventDate "2012.03.22"]

1. e4 c5 2. d4 cxd4 3. c3 dxc3 4. Nxc3 Nc6 5. Nf3 e6 6. Bc4 Nf6 7. e5 d5 8. Bd3
Nd7 9. Qe2 a6 10. O-O g6 11. Re1 Bg7 12. Bg5 Qa5 13. Rad1 b5 14. Bc2 O-O 15.
Nxd5 exd5 16. Rxd5 Nb6 17. Rd6 Nb4 18. Bb3 Nc4 19. a3 Nxd6 20. exd6 Nc6 21. Qe4
Bd7 22. Be7 Qb6 23. Ng5 Ne5 24. Kh1 Nc4 25. Bxf8 Rxf8 26. Qe7 Qxd6 27. Qxd6
Nxd6 28. Rd1 Re8 29. h4 Bf8 30. Nxf7 Nxf7 31. Rxd7 Re7 32. Rd3 Kg7 33. g4 Ne5
34. Rd4 Nc4 35. Kg2 Rc7 36. a4 Be7 37. axb5 axb5 38. g5 Bf8 39. Rd5 Rc5 40.
Rd7+ Kg8 41. Rb7 Bd6 42. Rxb5 Rxb5 43. Bxc4+ Kf8 44. Bxb5 1-0

[Event "IV Torneo Parthenope"]
[Site "Napoli ITA"]
[Date "2012.05.10"]
[Round "7"]
[White "Vena, Antonio"]
[Black "Solombrino, Giovanni"]
[Result "1/2-1/2"]
[WhiteElo "1778"]
[BlackElo "1822"]
[PlyCount "34"]
[EventDate "2012.03.22"]

1. e4 c5 2. Nf3 Nc6 3. d3 g6 4. g3 Bg7 5. Bg2 d6 6. O-O Nf6 7. Re1 O-O 8. h3
Rb8 9. c3 b6 10. d4 cxd4 11. cxd4 Bb7 12. Nc3 Re8 13. Be3 e6 14. Qd2 Na5 15.
Bh6 Nc4 16. Qc1 Rc8 17. Bxg7 Kxg7 1/2-1/2